[Event "DVM U20 2010"]
[Site "Osnabrück GER"]
[Date "2010.12.27"]
[Round "2"]
[White "Suderland, Stefan"]
[Black "Arnold, Sebastian"]
[Result "1/2-1/2"]
[Termination "normal"]
[Board "8.4"]
[WhiteElo "1750"]
[BlackElo "1752"]
[WhiteTeam "SC 1926 Bendorf"]
[BlackTeam "SK Kelheim 1920"]
[PlyCount "56"]
[WhiteFideId "4648374"]
[BlackFideId "24692603"]
[EventCountry "GER"]
[EventRounds "7"]
[EventType "team-swiss"]
[EventDate "2010.12.26"]

1. e4 e5 2. Nf3 Nc6 3. Bb5 a6 4. Ba4 Nf6 5. d3 b5 6. Bb3 Be7 7. O-O d6 8. h3
Na5 9. c3 Nxb3 10. Qxb3 Be6 11. Qc2 O-O 12. Be3 c5 13. Ng5 h6 14. Nxe6 fxe6 15.
c4 Nh5 16. Nc3 b4 17. Ne2 Bg5 18. Qd2 Nf4 19. Bxf4 Bxf4 20. Nxf4 Rxf4 21. Qe3
Qf8 22. f3 g5 23. Rf2 Rf7 24. Raf1 Kh7 25. g3 Qg8 26. Kh1 Raf8 27. Kh2 Qg7 28.
Kh1 Qg8 1/2-1/2

[Event "DVM U20 2010"]
[Site "Osnabrück GER"]
[Date "2010.12.27"]
[Round "2"]
[White "Zhou, Wile"]
[Black "Pretz, Dominik"]
[Result "1-0"]
[Termination "normal"]
[Board "8.5"]
[WhiteElo "1719"]
[BlackElo "1539"]
[WhiteTeam "SK Kelheim 1920"]
[BlackTeam "SC 1926 Bendorf"]
[PlyCount "50"]
[WhiteFideId "4695674"]
[BlackFideId "12927210"]
[EventCountry "GER"]
[EventRounds "7"]
[EventType "team-swiss"]
[EventDate "2010.12.26"]

1. e4 e6 2. d4 d5 3. e5 c5 4. c3 Nc6 5. Nf3 Qb6 6. Be2 Nh6 7. a3 Nf5 8. g4 Nfe7
9. b4 cxd4 10. cxd4 g6 11. Qd3 Bg7 12. Bg5 O-O 13. b5 Bd7 14. bxc6 Nxc6 15.
Nbd2 a6 16. Bf6 Qc7 17. h4 b5 18. h5 Rfb8 19. Ng5 Bxf6 20. exf6 Qf4 21. Nxh7
Nxd4 22. hxg6 Nxe2 23. g7 Ng3 24. Ng5 Qe5+ 25. Kd1 Qxa1+ 1-0

[Event "DVM U20 2010"]
[Site "Osnabrück GER"]
[Date "2010.12.27"]
[Round "2"]
[White "Weber, Dirk"]
[Black "Pernpeintner, Simon"]
[Result "0-1"]
[Termination "normal"]
[Board "8.6"]
[WhiteElo "1354"]
[BlackElo "1598"]
[WhiteTeam "SC 1926 Bendorf"]
[BlackTeam "SK Kelheim 1920"]
[PlyCount "82"]
[BlackFideId "24673331"]
[EventCountry "GER"]
[EventRounds "7"]
[EventType "team-swiss"]
[EventDate "2010.12.26"]

1. e4 e5 2. Nf3 Nc6 3. Bc4 Bc5 4. d3 d6 5. Nc3 Bg4 6. h3 Bh5 7. Be3 Bb6 8. Qe2
Nd4 9. Bxd4 Bxd4 10. Na4 c6 11. c3 Qa5 12. O-O Qxa4 13. cxd4 exd4 14. g4 Bg6
15. b3 Qa5 16. Qb2 c5 17. a3 Ne7 18. b4 Qc7 19. Rfc1 b6 20. Qb3 O-O 21. Rc2 h5
22. g5 Qd7 23. Kh2 Qc7 24. Nh4 d5+ 25. Kg2 dxc4 26. Qxc4 Rac8 27. Rf1 Qd6 28.
Qb3 cxb4 29. Rxc8 Rxc8 30. axb4 Rc3 31. Qb1 Nc6 32. b5 Na5 33. Rc1 Rb3 34. Qc2
Rxb5 35. Qa2 Rxg5+ 36. Kf1 Qd7 37. Qd2 Qxh3+ 38. Ke2 Qxh4 39. Kd1 Rg1+ 40. Kc2
Rxc1+ 41. Kxc1 Nb3+ 0-1